| 000 | 00394nam a2200145Ia 4500 | ||
|---|---|---|---|
| 008 | 151015s9999 xx 000 0 und d | ||
| 020 | _a70054754 | ||
| 050 | _aHT 167.B48 1996 | ||
| 245 | _aBernick michael | ||
| 250 | _a_Transit villages inthe 21st century | ||
| 300 | _aUS McGraw-Hill 1996 | ||
| 500 | _aIncludes index | ||
| 650 | _a_city planning | ||
| 700 | _a^d20130608 03:42:49^oanne | ||
| 999 |
_c5139 _d5139 |
||